000 00646nam a2200145Ia 4500
008 100122s9999 xx 000 0 und d
082 _b54038
_a920.72
100 _aपाठक यशवंत
245 _a"निरंजनाचे माहेर ( मुक्ताई, जनाई, वेणाई )"
260 _bत्रिदल प्रकाशन
_c1997
300 _a216
630 _a"निरंजनाचे माहेर ( मुक्ताई, जनाई, वेणाई )"
730 _a"निरंजनाचे माहेर ( मुक्ताई, जनाई, वेणाई )"
942 _cBOOK
999 _c430945
_d430942